| 000 | 00445nmm a2200157Ia 4500 | ||
|---|---|---|---|
| 008 | 251105s9999||||xx |||||||||||||||||und|| | ||
| 020 | _a9781558852297 | ||
| 041 | _aeng | ||
| 100 | _aBevin, Teresa | ||
| 245 | 0 | _aHavana Split | |
| 264 |
_a[Washington, Estados Unidos] : _bArte Público Press, _c2017 |
||
| 300 | _a240 páginas | ||
| 650 | _aLatin American narrative | ||
| 856 | _uhttps://public.digitaliapublishing.com/a/46194 | ||
| 942 | _cCF | ||
| 999 |
_c74680 _d74680 |
||